[Event "Titled Tuesday intern op 18th Jul Early"]
[Site "Chess.com INT"]
[Date "2023.07.18"]
[Round "5"]
[White "Berezin, Viktor1111"]
[Black "Da Silva Junior, Sediney Mari"]
[Result "0-1"]
[WhiteElo "2307"]
[BlackElo "2010"]
[PlyCount "62"]
[EventDate "2023.07.18"]
[EventType "swiss (blitz)"]
[EventRounds "11"]
[EventCountry "USA"]
[SourceTitle "EXT 2024"]
[Source "ChessBase"]
[SourceDate "2023.10.10"]
[SourceVersion "1"]
[SourceVersionDate "2023.10.10"]
[SourceQuality "1"]

1. d4 Nf6 2. Nf3 e6 3. g3 c5 4. Bg2 d5 5. c4 Nc6 6. cxd5 exd5 7. Nc3 cxd4 8. Nxd4 Bc5 9. Nxc6 bxc6 10. 0-0 0-0 11. Bg5 h6 12. Bxf6 Qxf6 13. e3 Rb8 14. Rc1 Bd6 15. b3 Ba3 16. Rc2 Bf5 17. e4 Bg6 18. Na4 dxe4 19. Qe2 Rfe8 20. Qe3 Qe5 21. Rxc6 Re6 22. Rxe6 Qxe6 23. Qxa7 Rd8 24. Nc5 Bxc5 25. Qxc5 Rd2 26. Qa5 e3 27. h3 exf2+ 28. Rxf2 Qe1+ 29. Rf1 Rxg2+ 30. Kxg2 Be4+ 31. Kh2 Qxa5 0-1

[Event "Titled Tuesday intern op 18th Jul Early"]
[Site "Chess.com INT"]
[Date "2023.07.18"]
[Round "7"]
[White "Da Silva Junior, Sediney Mari"]
[Black "Yeritsyan, Hayk"]
[Result "1-0"]
[WhiteElo "2010"]
[BlackElo "2181"]
[PlyCount "79"]
[EventDate "2023.07.18"]
[EventType "swiss (blitz)"]
[EventRounds "11"]
[EventCountry "USA"]
[SourceTitle "EXT 2024"]
[Source "ChessBase"]
[SourceDate "2023.10.10"]
[SourceVersion "1"]
[SourceVersionDate "2023.10.10"]
[SourceQuality "1"]

1. e4 c6 2. d4 d5 3. f3 e6 4. Nc3 Nf6 5. Bg5 Be7 6. Qd3 0-0 7. e5 Nfd7 8. Bxe7 Qxe7 9. h4 a6 10. h5 c5 11. h6 g6 12. dxc5 Nxe5 13. Qd4 Nbc6 14. Qf4 f6 15. 0-0-0 Qxc5 16. g4 Bd7 17. g5 f5 18. Nge2 Nc4 19. Nd4 Nxd4 20. Bxc4 Nc6 21. Nxd5 b5 22. Bb3 Na5 23. Nf6+ Rxf6 24. gxf6 Rc8 25. Rh2 Nxb3+ 26. axb3 Be8 27. Qd4 Qc7 28. f7+ Qxf7 29. Re2 Rc7 30. Qd8 Re7 31. Red2 e5 32. Qb6 Re6 33. Rd6 Re7 34. Rd8 Qe6 35. R1d6 Qf7 36. Qc6 Kf8 37. Qc5 g5 38. Rd5 g4 39. Rxe5 gxf3 40. Rxf5 1-0

[Event "Titled Tuesday intern op 18th Jul Early"]
[Site "Chess.com INT"]
[Date "2023.07.18"]
[Round "8"]
[White "Zavgorodniy, Sergiy"]
[Black "Da Silva Junior, Sediney Mari"]
[Result "1-0"]
[WhiteElo "2416"]
[BlackElo "2010"]
[PlyCount "73"]
[EventDate "2023.07.18"]
[EventType "swiss (blitz)"]
[EventRounds "11"]
[EventCountry "USA"]
[SourceTitle "EXT 2024"]
[Source "ChessBase"]
[SourceDate "2023.10.10"]
[SourceVersion "1"]
[SourceVersionDate "2023.10.10"]
[SourceQuality "1"]

1. e4 e6 2. d3 d5 3. Nd2 Nf6 4. Ngf3 c5 5. g3 Nc6 6. Bg2 b6 7. 0-0 Bb7 8. Qe2 Qc7 9. Re1 0-0-0 10. a4 h6 11. Nb3 dxe4 12. dxe4 Nd4 13. Nfxd4 cxd4 14. a5 g5 15. axb6 axb6 16. e5 Bxg2 17. Kxg2 Qb7+ 18. Kg1 Ne8 19. Ra4 Bc5 20. Bd2 Nc7 21. Rea1 Kd7 22. Ra7 Qc6 23. Nxc5+ Qxc5 24. Qd3 Ra8 25. Be3 Rxa7 26. Rxa7 Qd5 27. Bxd4 Rc8 28. Bxb6 Qxd3 29. cxd3 Kc6 30. Rxc7+ Rxc7 31. Bxc7 Kxc7 32. f4 Kc6 33. fxg5 hxg5 34. h4 gxh4 35. gxh4 Kd5 36. h5 Kxe5 37. b4 1-0

[Event "Titled Tuesday intern op 28th Mar Late"]
[Site "Chess.com INT"]
[Date "2023.03.28"]
[Round "1"]
[White "Da Silva Junior, Sediney Mari"]
[Black "Fiorito, Francisco"]
[Result "1-0"]
[WhiteElo "2010"]
[BlackElo "2299"]
[PlyCount "79"]
[EventDate "2023.03.28"]
[EventType "swiss (blitz)"]
[EventRounds "11"]
[EventCountry "USA"]
[SourceTitle "EXT 2024"]
[Source "ChessBase"]
[SourceDate "2023.10.10"]
[SourceVersion "1"]
[SourceVersionDate "2023.10.10"]
[SourceQuality "1"]

1. e4 c5 2. c3 Nf6 3. e5 Nd5 4. d4 cxd4 5. Nf3 Nc6 6. cxd4 d6 7. Bc4 Nb6 8. Bb5 dxe5 9. Nxe5 Bd7 10. Nxd7 Qxd7 11. 0-0 e6 12. Nc3 Rd8 13. Be3 Be7 14. Qg4 0-0 15. Rad1 f5 16. Qf3 f4 17. d5 Nxd5 18. Nxd5 exd5 19. Bxa7 Ra8 20. Rxd5 Qc7 21. Bd4 Nxd4 22. Rxd4 Bf6 23. Rxf4 Kh8 24. Bc4 Ra4 25. b3 Rxa2 26. h4 Ra5 27. h5 h6 28. Bd3 Re8 29. Qg4 Rg5 30. Qf3 Rd8 31. Bg6 Qe5 32. Re4 Qd6 33. Rfe1 Re5 34. Rxe5 Bxe5 35. Qxb7 Qd2 36. Qe4 Rd5 37. f4 Bd4+ 38. Kh1 Rd8 39. Qe8+ Rxe8 40. Rxe8# 1-0

[Event "Paulista-chTB"]
[Site "Sao Paulo"]
[Date "2023.03.05"]
[Round "5"]
[White "Da Silva Junior, Sediney Mari"]
[Black "Da Costa, Romualdo Mendonca"]
[Result "1-0"]
[WhiteElo "2010"]
[BlackElo "1788"]
[PlyCount "61"]
[EventDate "2023.03.03"]
[EventType "team-swiss"]
[EventRounds "5"]
[EventCountry "BRA"]
[SourceTitle "CBM 213 Extra"]
[Source "ChessBase"]
[SourceDate "2023.05.31"]
[SourceVersion "1"]
[SourceVersionDate "2023.05.31"]
[SourceQuality "1"]
[WhiteTeam "AXSCS Game Over II"]
[BlackTeam "PMFC II"]
[WhiteTeamCountry "BRA"]
[BlackTeamCountry "BRA"]

1. e4 c6 2. d4 d5 3. f3 g6 4. Nc3 Bg7 5. Be3 dxe4 6. fxe4 Nf6 7. Nf3 0-0 8. Qd2 b5 9. Bd3 Ng4 10. 0-0 Nxe3 11. Qxe3 a6 12. Ne2 c5 13. c3 c4 14. Bc2 Nc6 15. e5 e6 16. Be4 Bb7 17. h4 Qb6 18. Bxc6 Qxc6 19. Ng3 f5 20. exf6 Bxf6 21. Rf2 Rae8 22. Re1 Qd5 23. Ree2 Qd8 24. h5 Bxf3 25. Rxf3 Bg5 26. Rxf8+ Kxf8 27. Qe4 Qd6 28. Qg4 h6 29. Ne4 Qd5 30. Nxg5 hxg5 31. hxg6 1-0

[Event "Paulista-chTB"]
[Site "Sao Paulo"]
[Date "2023.03.04"]
[Round "2"]
[White "Dos Santos, Sebastiao Pedro"]
[Black "Da Silva Junior, Sediney Mari"]
[Result "0-1"]
[WhiteElo "2002"]
[BlackElo "2010"]
[PlyCount "122"]
[EventDate "2023.03.03"]
[EventType "team-swiss"]
[EventRounds "5"]
[EventCountry "BRA"]
[SourceTitle "CBM 213 Extra"]
[Source "ChessBase"]
[SourceDate "2023.05.31"]
[SourceVersion "1"]
[SourceVersionDate "2023.05.31"]
[SourceQuality "1"]
[WhiteTeam "Kolping"]
[BlackTeam "AXSCS Game Over II"]
[WhiteTeamCountry "BRA"]
[BlackTeamCountry "BRA"]

1. e4 e6 2. d4 d5 3. e5 c5 4. c3 Nc6 5. Nf3 Qb6 6. Qb3 Qxb3 7. axb3 cxd4 8. cxd4 Bd7 9. Nc3 Nb4 10. Kd1 a6 11. Bd2 f6 12. Be2 Rc8 13. h3 fxe5 14. Nxe5 Nf6 15. g4 Bd6 16. f4 Nc6 17. Be3 Rf8 18. Rf1 Ng8 19. Kd2 Nge7 20. Bd3 g6 21. Rf2 Bb4 22. Raf1 Na5 23. Bc2 Bb5 24. Ra1 Nac6 25. Rc1 Ba5 26. Rd1 Nxe5 27. fxe5 Kd7 28. Bd3 Rxf2+ 29. Bxf2 Bxd3 30. Kxd3 Rf8 31. Ke2 Bb6 32. Na4 Ba7 33. Rd3 Nc6 34. Be3 Rf7 35. Nc3 Kc7 36. Nd1 h5 37. Nf2 hxg4 38. Nxg4 Rh7 39. Bf2 Rh5 40. Nf6 Rf5 41. Ne8+ Kd7 42. Nd6 Nxe5 43. Nxf5 Nxd3 44. Kxd3 exf5 45. Be3 Bb8 46. Bg5 Bd6 47. Ke3 Ke6 48. Kf3 Be7 49. Bf4 g5 50. Be3 Kf6 51. Bd2 Kg6 52. Be1 Bd6 53. Bd2 Kh5 54. b4 Bc7 55. b5 axb5 56. b3 g4+ 57. hxg4+ fxg4+ 58. Kg2 Kg6 59. Be3 Kf5 60. Bg1 Ke4 61. Kf1 Kd3 0-1

[Event "Paulista-chTB"]
[Site "Sao Paulo"]
[Date "2023.03.03"]
[Round "1"]
[White "Da Silva Junior, Sediney Mari"]
[Black "San Martin, Valter Ribeiro"]
[Result "1-0"]
[WhiteElo "2010"]
[BlackElo "1782"]
[PlyCount "97"]
[EventDate "2023.03.03"]
[EventType "team-swiss"]
[EventRounds "5"]
[EventCountry "BRA"]
[SourceTitle "CBM 213 Extra"]
[Source "ChessBase"]
[SourceDate "2023.05.31"]
[SourceVersion "1"]
[SourceVersionDate "2023.05.31"]
[SourceQuality "1"]
[WhiteTeam "AXSCS Game Over II"]
[BlackTeam "Sao Paulo APCEF"]
[WhiteTeamCountry "BRA"]
[BlackTeamCountry "BRA"]

1. e4 d5 2. exd5 Qxd5 3. Nc3 Qa5 4. d4 c6 5. Bc4 e6 6. Nf3 Nf6 7. 0-0 Be7 8. Re1 b5 9. Bb3 Qc7 10. Ne2 Bb7 11. c3 a6 12. Bc2 Nbd7 13. Bg5 Rd8 14. Qd2 c5 15. Bf4 Qb6 16. Ne5 0-0 17. Nxd7 Rxd7 18. Qe3 Nd5 19. Qh3 g6 20. Be5 Bf6 21. Qh6 Bxe5 22. dxe5 Ne7 23. Ng3 f5 24. exf6 Rxf6 25. Qg5 Nd5 26. Rad1 Rdf7 27. f3 c4+ 28. Kh1 Nf4 29. Ne4 Bxe4 30. Bxe4 Nd3 31. Bxd3 cxd3 32. Rxd3 Kg7 33. Qe3 Qc7 34. Qd4 Re7 35. Re5 Kg8 36. Qd8+ Qxd8 37. Rxd8+ Kf7 38. Kg1 Rf5 39. Re4 e5 40. Kf2 Rf4 41. Ke3 Rf6 42. Rd5 Rfe6 43. Kd2 Kf6 44. Kc2 Rc6 45. a4 Rc4 46. Rxc4 bxc4 47. Rd6+ Re6 48. Rxe6+ Kxe6 49. b4 1-0

[Event "Titled Tuesday intern op 03rd Jan Early"]
[Site "Chess.com INT"]
[Date "2023.01.03"]
[Round "1"]
[White "Da Silva Junior, Sediney Mari"]
[Black "Antonica, Dragos Andrei"]
[Result "0-1"]
[WhiteElo "2010"]
[BlackElo "2366"]
[PlyCount "70"]
[EventDate "2023.01.03"]
[EventType "swiss (blitz)"]
[EventRounds "11"]
[EventCountry "USA"]
[SourceTitle "EXT 2024"]
[Source "ChessBase"]
[SourceDate "2023.10.10"]
[SourceVersion "1"]
[SourceVersionDate "2023.10.10"]
[SourceQuality "1"]

1. e4 e6 2. Nf3 d5 3. e5 c5 4. b4 cxb4 5. a3 Nc6 6. axb4 Bxb4 7. c3 Bf8 8. d4 Nge7 9. Bd3 Nf5 10. h4 Be7 11. g4 Nxh4 12. Nxh4 Bxh4 13. Ba3 Be7 14. Rxh7 Rxh7 15. Bxh7 Bxa3 16. Nxa3 Qh4 17. Bd3 Qh1+ 18. Bf1 Qe4+ 19. Be2 Qh1+ 20. Bf1 Bd7 21. Nb5 Kf8 22. Nd6 b6 23. Qd2 Ne7 24. Qf4 Be8 25. 0-0-0 Ng6 26. Qe3 Ba4 27. Re1 Qh6 28. g5 Qh2 29. Bd3 Nf4 30. g6 fxg6 31. f3 Kg8 32. Rg1 Rf8 33. Rf1 Qa2 34. Bb1 Qa3+ 35. Kd2 Qb2+ 0-1

[Event "Titled Tuesday intern op 27th Dec Early"]
[Site "Chess.com INT"]
[Date "2022.12.27"]
[Round "9"]
[White "Da Silva Junior, Sediney Mari"]
[Black "Viskelis, Darius"]
[Result "0-1"]
[WhiteElo "2010"]
[BlackElo "2144"]
[PlyCount "62"]
[EventDate "2022.12.27"]
[EventType "swiss (blitz)"]
[EventRounds "11"]
[EventCountry "USA"]
[SourceTitle "EXT 2024"]
[Source "ChessBase"]
[SourceDate "2023.10.10"]
[SourceVersion "1"]
[SourceVersionDate "2023.10.10"]
[SourceQuality "1"]

1. e4 c5 2. c3 e6 3. d4 d5 4. exd5 exd5 5. Nf3 Nf6 6. Bb5+ Nc6 7. 0-0 Be6 8. Re1 Be7 9. dxc5 Bxc5 10. Ng5 0-0 11. Rxe6 fxe6 12. Nxe6 Bxf2+ 13. Kf1 Qb6 14. Bxc6 Bg1 15. Qe2 Ne4+ 16. Nxf8 Rxf8+ 17. Ke1 bxc6 18. Nd2 Re8 19. Nf3 Nf6 20. Ne5 Bxh2 21. Be3 Qb8 22. Nxc6 Qg3+ 23. Kd2 Ne4+ 24. Kd3 Nc5+ 25. Kd2 Ne4+ 26. Kc2 Nd6 27. Re1 Nc4 28. Qd3 Nxe3+ 29. Kb3 Qxe1 30. Qd4 Qd1+ 31. Qxd1 Nxd1 0-1

[Event "Titled Tuesday intern op 27th Dec Early"]
[Site "Chess.com INT"]
[Date "2022.12.27"]
[Round "10"]
[White "Warchol, Kamil"]
[Black "Da Silva Junior, Sediney Mari"]
[Result "1-0"]
[WhiteElo "2164"]
[BlackElo "2010"]
[PlyCount "39"]
[EventDate "2022.12.27"]
[EventType "swiss (blitz)"]
[EventRounds "11"]
[EventCountry "USA"]
[SourceTitle "EXT 2024"]
[Source "ChessBase"]
[SourceDate "2023.10.10"]
[SourceVersion "1"]
[SourceVersionDate "2023.10.10"]
[SourceQuality "1"]

1. e4 e6 2. d4 d5 3. Nd2 c5 4. Ngf3 cxd4 5. Nxd4 Nc6 6. Bb5 Bd7 7. Nxc6 bxc6 8. Bd3 e5 9. 0-0 Nf6 10. exd5 cxd5 11. Re1 Bd6 12. Nf3 e4 13. Bxe4 Bxh2+ 14. Nxh2 dxe4 15. Bg5 0-0 16. Bxf6 gxf6 17. Rxe4 Bf5 18. Rd4 Qb6 19. Ng4 Qxb2 20. Nh6+ 1-0

[Event "Titled Tuesday intern op 20th Dec Late"]
[Site "Chess.com INT"]
[Date "2022.12.20"]
[Round "9"]
[White "Da Silva Junior, Sediney Mari"]
[Black "Araujo, Everson de Moura"]
[Result "1-0"]
[WhiteElo "2010"]
[BlackElo "1956"]
[PlyCount "201"]
[EventDate "2022.12.20"]
[EventType "swiss (blitz)"]
[EventRounds "11"]
[EventCountry "USA"]
[SourceTitle "EXT 2024"]
[Source "ChessBase"]
[SourceDate "2023.10.10"]
[SourceVersion "1"]
[SourceVersionDate "2023.10.10"]
[SourceQuality "1"]

1. e4 e6 2. Nf3 d5 3. e5 c5 4. b4 cxb4 5. a3 Nc6 6. axb4 Bxb4 7. c3 Bc5 8. d4 Bb6 9. Bd3 Nge7 10. h4 Nf5 11. g4 Nfe7 12. Na3 a6 13. Nb5 Bc7 14. Qe2 Bd7 15. Nxc7+ Qxc7 16. Ba3 b5 17. Bd6 Qb7 18. h5 h6 19. Kf1 Nc8 20. Bc5 Nb6 21. Bc2 Nc4 22. Kg2 Qc7 23. Rhb1 Rc8 24. Rxa6 N6xe5 25. Nxe5 Nxe5 26. Ra7 Qb8 27. Rba1 Nc6 28. R7a6 Qb7 29. Rb6 Qc7 30. Raa6 Nb8 31. Ra8 Bc6 32. Ra1 Nd7 33. Rba6 Nxc5 34. dxc5 Bb7 35. Qxb5+ Kf8 36. Ra7 Rb8 37. c6 Qxc6 38. Qb4+ Kg8 39. Rxb7 d4+ 40. f3 Rd8 41. Rb1 g5 42. Rb8 Kg7 43. Rxd8 Rxd8 44. Be4 Qd6 45. cxd4 Qf4 46. Qb2 Qe3 47. Rf1 Kg8 48. Qf2 Qb3 49. d5 exd5 50. Bf5 Qb5 51. Qd2 d4 52. Rd1 Rc8 53. Bd3 Qc5 54. Qe2 Ra8 55. Qe4 Ra2+ 56. Kh3 Qc3 57. Qh7+ Kf8 58. Qh8+ Ke7 59. Qe5+ Kf8 60. Qb8+ Kg7 61. Qe5+ Kf8 62. Rb1 Rb2 63. Rxb2 Qxb2 64. Qd6+ Kg7 65. Qe5+ Kf8 66. Qe4 Qc1 67. Kg3 Qe3 68. Qxe3 dxe3 69. Kg2 Ke7 70. Kf1 Ke6 71. Ke2 Ke5 72. Kxe3 f6 73. Be4 Ke6 74. Bf5+ Ke5 75. Kd3 Kf4 76. Ke2 Kg3 77. Be4 Kf4 78. Kd3 Kg3 79. Kc4 Kf4 80. Kc5 f5 81. gxf5 g4 82. fxg4 Kxe4 83. f6 Kf4 84. f7 Kxg4 85. f8Q Kxh5 86. Qf1 Kg4 87. Qh1 h5 88. Kd4 h4 89. Ke3 Kg3 90. Ke2 h3 91. Kf1 h2 92. Ke2 Kh3 93. Kf2 Kh4 94. Qxh2+ Kg5 95. Qe5+ Kg6 96. Qf4 Kh5 97. Qg3 Kh6 98. Kf3 Kh7 99. Kf4 Kh6 100. Kf5 Kh5 101. Qh3# 1-0

[Event "Titled Tuesday intern op 20th Dec Late"]
[Site "Chess.com INT"]
[Date "2022.12.20"]
[Round "10"]
[White "Guerb, Leonid"]
[Black "Da Silva Junior, Sediney Mari"]
[Result "1-0"]
[WhiteElo "2295"]
[BlackElo "2010"]
[PlyCount "59"]
[EventDate "2022.12.20"]
[EventType "swiss (blitz)"]
[EventRounds "11"]
[EventCountry "USA"]
[SourceTitle "EXT 2024"]
[Source "ChessBase"]
[SourceDate "2023.10.10"]
[SourceVersion "1"]
[SourceVersionDate "2023.10.10"]
[SourceQuality "1"]

1. Nf3 f5 2. g3 Nf6 3. Bg2 d6 4. c4 c6 5. Nc3 e5 6. d3 Be7 7. 0-0 0-0 8. b4 Be6 9. b5 Bf7 10. bxc6 bxc6 11. Ng5 h6 12. Nxf7 Rxf7 13. Rb1 Qc7 14. Qa4 Rf8 15. Ba3 Rc8 16. Rb3 Nbd7 17. Rfb1 Nb6 18. Qa5 f4 19. c5 dxc5 20. Bxc5 Bxc5 21. Qxc5 Nbd5 22. Nxd5 cxd5 23. Bxd5+ Nxd5 24. Qxd5+ Kh7 25. Rb7 Qc2 26. Qxe5 Rg8 27. R7b2 Qc6 28. Qxf4 Raf8 29. Qe4+ Qxe4 30. dxe4 1-0

[Event "Titled Tuesday intern op 06th Dec Late"]
[Site "Chess.com INT"]
[Date "2022.12.06"]
[Round "3"]
[White "Da Silva Junior, Sediney Mari"]
[Black "Danielyan, Vahe"]
[Result "0-1"]
[WhiteElo "2010"]
[BlackElo "2307"]
[PlyCount "88"]
[EventDate "2022.12.06"]
[EventType "swiss (blitz)"]
[EventRounds "11"]
[EventCountry "USA"]
[SourceTitle "CBM 211 Extra"]
[Source "ChessBase"]
[SourceDate "2023.01.31"]
[SourceVersion "1"]
[SourceVersionDate "2023.01.31"]
[SourceQuality "1"]

1. e4 d6 2. d4 Nf6 3. Nc3 e5 4. dxe5 dxe5 5. Qxd8+ Kxd8 6. Bg5 Be6 7. 0-0-0+ Nbd7 8. f4 exf4 9. Nf3 h6 10. Bxf4 c6 11. Ne5 Ke8 12. Nxd7 Nxd7 13. a3 b5 14. Be2 g5 15. Be3 Bg7 16. h4 g4 17. Rd6 Rc8 18. Bxa7 Be5 19. Rd3 h5 20. Rhd1 Nf6 21. Bd4 Nd7 22. Bxe5 Nxe5 23. Rd6 Ke7 24. b3 g3 25. R6d4 Bg4 26. Kb2 Rhg8 27. a4 bxa4 28. Rxa4 Rc7 29. Ra5 f6 30. Rd4 Bxe2 31. Nxe2 Rg4 32. Rda4 Kf7 33. Kc3 Kg6 34. Ra8 Rxh4 35. Nxg3 Rg4 36. Rg8+ Rg7 37. Rxg7+ Kxg7 38. Nf5+ Kg6 39. g3 Nf7 40. Kd4 Ng5 41. Kd3 Ne6 42. Ra7 Nc5+ 43. Kd2 Nxe4+ 44. Ke3 Kxf5 0-1

[Event "Titled Tuesday intern op 06th Dec Late"]
[Site "Chess.com INT"]
[Date "2022.12.06"]
[Round "10"]
[White "Da Silva Junior, Sediney Mari"]
[Black "Lewicki, Miroslaw"]
[Result "1-0"]
[WhiteElo "2010"]
[BlackElo "2336"]
[PlyCount "67"]
[EventDate "2022.12.06"]
[EventType "swiss (blitz)"]
[EventRounds "11"]
[EventCountry "USA"]
[SourceTitle "CBM 211 Extra"]
[Source "ChessBase"]
[SourceDate "2023.01.31"]
[SourceVersion "1"]
[SourceVersionDate "2023.01.31"]
[SourceQuality "1"]

1. e4 c5 2. c3 d6 3. d4 cxd4 4. cxd4 Nf6 5. Nc3 g6 6. Nf3 Bg7 7. Bc4 0-0 8. 0-0 a6 9. h3 b5 10. Bb3 Bb7 11. Re1 Nc6 12. Bg5 Na5 13. Bc2 h6 14. Bh4 g5 15. Bg3 Nh5 16. Bh2 Nf4 17. Bxf4 gxf4 18. e5 dxe5 19. Nxe5 Qd6 20. Qd3 Rfd8 21. Qh7+ Kf8 22. Rad1 Rac8 23. Bg6 Qf6 24. Bxf7 e6 25. Ne4 Bxe4 26. Rxe4 Rd5 27. Qg8+ Ke7 28. Qxc8 Qf5 29. Rde1 Bxe5 30. Rxe5 Rxe5 31. Qe8+ Kd6 32. dxe5+ Kc5 33. Qxe6 Qc2 34. Qd6# 1-0

[Event "Titled Tuesday intern op 06th Dec Late"]
[Site "Chess.com INT"]
[Date "2022.12.06"]
[Round "1"]
[White "Popilski, Gil"]
[Black "Da Silva Junior, Sediney Mari"]
[Result "1-0"]
[WhiteElo "2443"]
[BlackElo "2010"]
[PlyCount "95"]
[EventDate "2022.12.06"]
[EventType "swiss (blitz)"]
[EventRounds "11"]
[EventCountry "USA"]
[SourceTitle "CBM 211 Extra"]
[Source "ChessBase"]
[SourceDate "2023.01.31"]
[SourceVersion "1"]
[SourceVersionDate "2023.01.31"]
[SourceQuality "1"]

1. c4 e5 2. Nf3 Nc6 3. d3 Nf6 4. a3 d6 5. b4 Be6 6. Bb2 a6 7. Nbd2 Be7 8. Rc1 0-0 9. g3 Qd7 10. Bg2 Bh3 11. 0-0 Qg4 12. Re1 Nd7 13. Bh1 f5 14. e3 f4 15. exf4 Rxf4 16. d4 a5 17. b5 Na7 18. dxe5 Raf8 19. exd6 Bxd6 20. Ne4 Rxf3 21. c5 Be5 22. Qd5+ Qe6 23. Qxe6+ Bxe6 24. Bxe5 Nxe5 25. Ng5 Bc8 26. Rxe5 Rxa3 27. b6 Nc6 28. Bd5+ Kh8 29. Nf7+ Kg8 30. Nd8+ Kh8 31. Nxc6 bxc6 32. Bxc6 cxb6 33. cxb6 Ba6 34. Rce1 Ra2 35. Re8 Raxf2 36. b7 Bxb7 37. Bxb7 g6 38. Bc6 Kg7 39. Rxf8 Rxf8 40. Re7+ Rf7 41. Rxf7+ Kxf7 42. Kf2 Ke6 43. Kf3 Kd6 44. Ba4 Kc5 45. Kf4 Kb4 46. Be8 a4 47. Bxa4 Kxa4 48. Kg5 1-0

[Event "Titled Tuesday intern op 01st Nov Late"]
[Site "Chess.com INT"]
[Date "2022.11.01"]
[Round "6"]
[White "Da Silva Junior, Sediney Mari"]
[Black "Mesa Cruz, Juan Carlos"]
[Result "1-0"]
[WhiteElo "2010"]
[BlackElo "2159"]
[PlyCount "69"]
[EventDate "2022.11.01"]
[EventType "swiss (blitz)"]
[EventRounds "11"]
[EventCountry "USA"]
[SourceTitle "EXT 2024"]
[Source "ChessBase"]
[SourceDate "2023.10.10"]
[SourceVersion "1"]
[SourceVersionDate "2023.10.10"]
[SourceQuality "1"]

1. e4 c5 2. c3 d5 3. exd5 Qxd5 4. d4 Nc6 5. Nf3 Bg4 6. Be2 cxd4 7. cxd4 e6 8. Nc3 Bb4 9. 0-0 Qa5 10. d5 Rd8 11. Bd2 Bxc3 12. Bxc3 Qxd5 13. Qxd5 Rxd5 14. Bxg7 Nge7 15. Bxh8 Ng6 16. Bc3 Nf4 17. Bc4 Bxf3 18. gxf3 Rg5+ 19. Kh1 Nh3 20. Rad1 b5 21. Bd3 b4 22. Be4 Ne7 23. Bxb4 Ng6 24. Bxg6 hxg6 25. Rd4 e5 26. Rg4 Rf5 27. Kg2 Nf4+ 28. Rxf4 Rxf4 29. Bc3 f6 30. Rd1 Ke7 31. Rd5 Ke6 32. Ra5 e4 33. fxe4 Rxe4 34. Ra6+ Kd5 35. Rxf6 1-0

[Event "Titled Tuesday intern op 01st Nov Late"]
[Site "Chess.com INT"]
[Date "2022.11.01"]
[Round "7"]
[White "Roque Sola, Jose Luis"]
[Black "Da Silva Junior, Sediney Mari"]
[Result "1-0"]
[WhiteElo "2217"]
[BlackElo "2010"]
[PlyCount "103"]
[EventDate "2022.11.01"]
[EventType "swiss (blitz)"]
[EventRounds "11"]
[EventCountry "USA"]
[SourceTitle "EXT 2024"]
[Source "ChessBase"]
[SourceDate "2023.10.10"]
[SourceVersion "1"]
[SourceVersionDate "2023.10.10"]
[SourceQuality "1"]

1. c4 e5 2. Nc3 Nc6 3. Nf3 g6 4. g3 Bg7 5. Bg2 d6 6. d3 f5 7. Rb1 Nf6 8. 0-0 a5 9. a3 0-0 10. Bg5 h6 11. Bxf6 Bxf6 12. Nd5 Bg7 13. b4 axb4 14. axb4 Be6 15. Nd2 Kh7 16. b5 Ne7 17. Nxe7 Qxe7 18. Bxb7 Ra2 19. Bg2 Rb8 20. Ra1 Rxa1 21. Qxa1 e4 22. Qa7 Rc8 23. b6 Qd8 24. b7 Rb8 25. Nb3 c6 26. Na5 Bd7 27. dxe4 fxe4 28. Bxe4 Qc7 29. Rb1 Bc3 30. Nxc6 Bxc6 31. Bxc6 Bd4 32. Qxd4 Qxc6 33. Qd5 Qc7 34. Qb5 h5 35. Qa6 Kh6 36. Qa7 h4 37. g4 h3 38. Qe3+ Kg7 39. Qc3+ Kf7 40. Qxh3 Kg7 41. Qc3+ Kh6 42. Qe3+ Kg7 43. Qd4+ Kh6 44. Qf4+ Kg7 45. g5 Rxb7 46. Rxb7 Qxb7 47. Qf6+ Kh7 48. Qf3 Qb1+ 49. Kg2 Qc2 50. Qd3 Qc1 51. e3 Qa3 52. Qxa3 1-0

[Event "Titled Tuesday intern op 30th Aug Late"]
[Site "Chess.com INT"]
[Date "2022.08.30"]
[Round "1"]
[White "Da Silva Junior, Sediney Mari"]
[Black "Riff, Vincent"]
[Result "1-0"]
[WhiteElo "2010"]
[BlackElo "2393"]
[PlyCount "85"]
[EventDate "2022.08.30"]
[EventType "swiss (blitz)"]
[EventRounds "11"]
[EventCountry "USA"]
[SourceTitle "EXT 2023"]
[Source "ChessBase"]
[SourceDate "2022.10.05"]
[SourceVersion "1"]
[SourceVersionDate "2022.10.05"]
[SourceQuality "1"]

1. e4 c5 2. c3 d6 3. d4 Nf6 4. Bd3 e5 5. Nf3 Nc6 6. dxe5 dxe5 7. 0-0 Be7 8. Bg5 0-0 9. Qe2 Qc7 10. Nbd2 Nh5 11. Bxe7 Qxe7 12. Qe3 Nf4 13. Bc2 Bg4 14. h3 Bh5 15. Rfe1 Rad8 16. Rad1 Qe6 17. Nf1 Bxf3 18. Qxf3 Qxa2 19. g3 Qxb2 20. Ba4 Nxh3+ 21. Kg2 Ng5 22. Qf5 Ne6 23. Bxc6 bxc6 24. Qxe5 a5 25. Ne3 Rxd1 26. Rxd1 a4 27. Nf5 Qe2 28. Rd6 Qg4 29. Rd7 a3 30. Ra7 Re8 31. Ne7+ Kf8 32. Nxc6 f6 33. Qd6+ Kg8 34. f3 Qg5 35. Qd7 Nf4+ 36. Kf1 Rf8 37. gxf4 Qh6 38. Kg2 Qg6+ 39. Qg4 Qh6 40. Ne7+ Kh8 41. Nf5 Qg6 42. Nd6 Qh6 43. Nf7+ 1-0

[Event "Titled Tuesday intern op 30th Aug Late"]
[Site "Chess.com INT"]
[Date "2022.08.30"]
[Round "5"]
[White "Nguyen, Quoc Hy"]
[Black "Da Silva Junior, Sediney Mari"]
[Result "1-0"]
[WhiteElo "2268"]
[BlackElo "2010"]
[PlyCount "37"]
[EventDate "2022.08.30"]
[EventType "swiss (blitz)"]
[EventRounds "11"]
[EventCountry "USA"]
[SourceTitle "EXT 2023"]
[Source "ChessBase"]
[SourceDate "2022.10.05"]
[SourceVersion "1"]
[SourceVersionDate "2022.10.05"]
[SourceQuality "1"]

1. d4 Nf6 2. c4 e6 3. Nc3 Bb4 4. Qc2 c5 5. dxc5 Bxc5 6. Nf3 0-0 7. Bg5 h6 8. Bh4 b6 9. e3 Bb7 10. Be2 Be7 11. 0-0 d6 12. Rfd1 Nbd7 13. Bg3 d5 14. cxd5 Nxd5 15. Nxd5 Bxd5 16. e4 Bb7 17. Bb5 Qc8 18. Qxc8 Bxc8 19. Bxd7 1-0